Denver Broncos Starting Quarterbacks Since Peyton Manning - Statistics

General Stats
  • This quiz has been taken 105 times
  • The average score is 9 of 13
Answer Stats
Record as Starter Year(s) Starting Answer % Correct
11-19 2022-2023 Russell Wilson
98%
7-7 2021 Teddy Bridgewater
88%
8-13 2019-2022 Drew Lock
80%
2-6 2019 Joe Flacco
79%
13-11 2016-2017 Trevor Siemian
79%
1-1 2023 Jarrett Stidham
75%
1-3 2016-2017 Paxton Lynch
75%
5-6 2015-2017 Brock Osweiler
73%
6-10 2018 Case Keenum
69%
2-1 2020-2022 Brett Rypien
56%
0-1 2020 Phillip Lindsay/Kendall Hinton
56%
1-2 2019 Brandon Allen
38%
0-1 2020 Jeff Driskel
32%
No matching quizzes found
Score Distribution
Percent of People with Each Score
Percentile by Number Answered
Your Score History
You have not taken this quiz